000 00574nam a2200193Ia 4500
005 20250508153120.0
008 008 250505s9999 xx 000 0 eng d
037 _aTextual
040 _aFEDL
_beng
_cFEDL
041 _aeng
_2eng
084 _a370.1, BER
_qFEDL
100 _aBerkson I. B.
_9317747
245 0 _aIdeal and the community : A philosophy of education
260 _aNew York, USA
_bHarper and Brothers Publishers
_c1958
300 _axii,302p
650 _aEducation - Philosophy
942 _cTEXL
_h370.1, BER
999 _c1340779
_d1340779